Hành chính nhà nước

Enregistré dans:
Détails bibliographiques
Auteur principal: Phạm, Văn Hùng
Autres auteurs: Nguyễn, Hữu Khiển
Format: Livre
Langue:Undetermined
Publié: H. ĐHSP 2005
Sujets:
Accès en ligne:http://lrc.tdmu.edu.vn/opac/search/detail.asp?aID=2&ID=5501
Tags: Ajouter un tag
Pas de tags, Soyez le premier à ajouter un tag!
Thư viện lưu trữ: Trung tâm Học liệu Trường Đại học Thủ Dầu Một
LEADER 00664nam a2200205Ia 4500
001 TDMU_5501
008 210410s9999 xx 000 0 und d
082 |a 351.597 
090 |b PH104 
100 |a Phạm, Văn Hùng 
245 0 |a Hành chính nhà nước 
245 0 |c Phạm Văn Hùng 
260 |a H. 
260 |b ĐHSP 
260 |c 2005 
300 |a 92tr. 
650 |a Hành chính nhà nước  |z Việt Nam; Hành chính công  |z Việt Nam 
700 |a Nguyễn, Hữu Khiển 
856 |u http://lrc.tdmu.edu.vn/opac/search/detail.asp?aID=2&ID=5501 
980 |a Trung tâm Học liệu Trường Đại học Thủ Dầu Một